|
|
|
|
| LEADER |
01273nta a2200265 i 4500 |
| 001 |
dokt4131 |
| 005 |
20200602093126.0 |
| 008 |
171030s2017 hu om 0|| eng d |
| 024 |
7 |
|
|a 10.14232/phd.4131
|2 doi
|
| 024 |
7 |
|
|a 3401713
|2 mtmt
|
| 040 |
|
|
|a SZTE Doktori Repozitórium
|b hun
|
| 041 |
|
|
|a eng
|
| 100 |
1 |
|
|a Dancs Ágnes
|
| 245 |
1 |
0 |
|a New peptide-type tripodal ligands and their metal complexes
|h [elektronikus dokumentum] :
|b Synthesis, thermodynamic and structural study, application in catalytic function /
|c Dancs Ágnes
|
| 246 |
1 |
0 |
|a Új peptid típusú tripodális ligandumok és fémkomplexeik: Szintézis, oldategyensúly és szerkezetvizsgálat, katalitikus alkalmazások
|h [elektronikus dokumentum]
|
| 260 |
|
|
|c 2017-12-13
|
| 502 |
|
|
|a Disszertacio
|
| 650 |
|
4 |
|a kémiai tudományok
|
| 650 |
|
4 |
|a Kémiai tudományok
|
| 700 |
0 |
1 |
|a Gajda Tamás
|e ths
|
| 700 |
0 |
1 |
|a Dumarcay Florence
|e ths
|
| 700 |
0 |
1 |
|a Selmeczi Katalin
|e ths
|
| 856 |
4 |
0 |
|u https://doktori.bibl.u-szeged.hu/id/eprint/4131/1/dissert_DA_full.pdf
|z Dokumentum-elérés
|
| 856 |
4 |
0 |
|u https://doktori.bibl.u-szeged.hu/id/eprint/4131/3/DANCS_tezis_eng_elektronikus.pdf
|z Dokumentum-elérés
|
| 856 |
4 |
0 |
|u https://doktori.bibl.u-szeged.hu/id/eprint/4131/2/DANCS_tezis_hun_elektronikus.pdf
|z Dokumentum-elérés
|